Welcome to the Holygrace Academy Library

Please use search bar below to get started

ELEMENTS (Record no. 1485)

MARC details
000 -LEADER
fixed length control field 00402nam a22001457a 4500
082 ## - DEWEY DECIMAL CLASSIFICATION NUMBER
Classification number 546.8
Item number ASC/E
100 ## - MAIN ENTRY--AUTHOR NAME
Personal name ASCEND PUBLICATIONS
245 ## - TITLE STATEMENT
Title ELEMENTS
250 ## - EDITION STATEMENT
Edition statement FIRST EDITION
260 ## - PUBLICATION, DISTRIBUTION, ETC. (IMPRINT)
Place of publication KOTTAYAM
Name of publisher ASCEND PUBLICATIONS
Year of publication 2006
300 ## - PHYSICAL DESCRIPTION
Number of Pages 327
520 ## - SUMMARY, ETC.
Summary, etc AN INDISPENSABLE REFERENCE BOOK FOR THE STUDENTS OF CBSE, ICSE, SCERT SYLLABUS
650 ## - SUBJECT ADDED ENTRY--TOPICAL TERM
Topical Term CHEMISTRY REFERENCE
Geographic subdivision INDIA
942 ## - ADDED ENTRY ELEMENTS (KOHA)
Koha item type Books
Holdings
Withdrawn status Lost status Collection code Home library Current library Shelving location Date acquired Source of acquisition Cost, normal purchase price Full call number Accession Number Koha item type
    Reference Main Library Main Library SHELF-5 F REFERENCE CHEMISTRY 23/10/2006 purchase 235.00 546.8 ASC/E 03367 Books